header

The global Jihadist movement (Record no. 95643)

MARC details
000 -LEADER
fixed length control field 01691nam a2200433Ia 4500
245 04 - TITLE STATEMENT
Title The global Jihadist movement
260 ## - PUBLICATION, DISTRIBUTION, ETC. (IMPRINT)
Place of publication Santa Monica, CA :
Name of publisher Rand Corporation,
Year of publication c2006.
300 ## - PHYSICAL DESCRIPTION
Number of Pages xxxix, 186 p. :
Other physical details ill., maps.
490 0# - SERIES STATEMENT
Series statement Beyond al-Qaeda ;
500 ## - GENERAL NOTE
General note "MG-429-AF"--p. [4] of cover, v. 1.
General note "MG-430-AF"--p. [4] of cover, v. 2.
General note "Prepared for the United States Air Force."
General note "Project Air Force."
650 #0 - SUBJECT ADDED ENTRY--TOPICAL TERM
Topical Term Terrorists.
Topical Term Terrorism
Topical Term Terrorism
Topical Term War on Terrorism, 2001-2009.
700 1# - ADDED ENTRY--PERSONAL NAME
Personal name Rabasa, Angel.
856 40 - ELECTRONIC LOCATION AND ACCESS
Uniform Resource Identifier http://site.ebrary.com/lib/rucke/Doc?id=10152640

No items available.

© 2026 Rongo University
Contact us: librarian | system librarian | Rongo university